|
|
|
|
| LEADER |
01807nam a22003017a 4500 |
| 001 |
AAL8719 |
| 003 |
BD-DhAAL |
| 005 |
20160730093353.0 |
| 008 |
160730s 2004E ||||| |||| 00| 0 eng d |
| 020 |
|
|
|a 0007199066
|
| 040 |
|
|
|a BD-DhAAL
|c BD-DhAAL
|
| 082 |
|
|
|a 813/.54
|
| 100 |
|
|
|a Sheldon, Sidney
|9 20220
|
| 245 |
|
|
|a Are you afraid of the dark? /
|c Sidney Sheldon
|
| 260 |
|
|
|a London :
|b Harper Collins,
|c 2004
|
| 300 |
|
|
|a 423 p. ;
|c 18 cm.
|
| 541 |
|
|
|e 8719
|
| 650 |
|
|
|a Research institutes
|x Fiction.
|9 20221
|
| 651 |
|
|
|a New York (N.Y.)
|x Fiction.
|9 20222
|
| 852 |
|
|
|a Savar Campus Library
|c General Shelf
|
| 942 |
|
|
|2 ddc
|c BK
|
| 999 |
|
|
|c 37736
|d 37736
|
| 952 |
|
|
|0 0
|1 0
|2 ddc
|4 0
|6 813_000000000000000__54_SHE
|7 0
|9 59483
|a SCL
|b SCL
|c GEN
|d 2016-07-30
|e Tajin Boi Gar
|g 80.00
|l 9
|m 42
|o 813.54 SHE
|p 3020008719
|r 2019-11-17
|s 2019-09-22
|t 1
|w 2016-07-30
|y BK
|
| 952 |
|
|
|0 0
|1 0
|2 ddc
|4 0
|6 813_000000000000000__54_SHE
|7 0
|9 60259
|a SCL
|b SCL
|c GEN
|d 2017-04-18
|e Tajin Boi Ghar
|g 80.00
|l 11
|m 47
|o 813.54 SHE
|p 3020008812
|r 2025-06-30
|s 2025-06-23
|t 2
|w 2017-04-18
|y BK
|
| 952 |
|
|
|0 0
|1 0
|2 ddc
|4 0
|6 813_000000000000000__54_SHE
|7 0
|9 60260
|a SCL
|b SCL
|c GEN
|d 2017-04-18
|e Tajin Boi Ghar
|g 80.00
|l 14
|m 63
|o 813.54 SHE
|p 3020008813
|r 2025-05-13
|s 2025-03-04
|t 3
|w 2017-04-18
|y BK
|
| 952 |
|
|
|0 0
|1 0
|2 ddc
|4 0
|6 813_000000000000000__54_SHE
|7 0
|9 60261
|a SCL
|b SCL
|c GEN
|d 2017-04-18
|e Tajin Boi Ghar
|g 80.00
|l 12
|m 42
|o 813.54 SHE
|p 3020008814
|r 2024-12-12
|s 2024-12-07
|t 4
|w 2017-04-18
|y BK
|
| 952 |
|
|
|0 0
|1 0
|2 ddc
|4 0
|6 813_000000000000000__54_SHE
|7 0
|9 60262
|a SCL
|b SCL
|c GEN
|d 2017-04-18
|e Tajin Boi Ghar
|g 80.00
|l 9
|m 29
|o 813.54 SHE
|p 3020008815
|r 2022-04-24
|s 2022-03-18
|t 5
|w 2017-04-18
|y BK
|
| 952 |
|
|
|0 0
|1 0
|2 ddc
|4 0
|6 813_000000000000000__54_SHE
|7 0
|9 60263
|a SCL
|b SCL
|c GEN
|d 2017-04-18
|e Tajin Boi Ghar
|g 80.00
|l 12
|m 40
|o 813.54 SHE
|p 3020008816
|r 2024-11-11
|s 2024-10-24
|t 6
|w 2017-04-18
|y BK
|